| 000 | 01109 a2200217 4500 | ||
|---|---|---|---|
| 003 | Nust | ||
| 005 | 20220815142405.0 | ||
| 010 | _a 97003024 | ||
| 020 | _a013835166X (hardcover) | ||
| 040 | _cNust | ||
| 082 | 0 | 0 | _a621.3815,FLO |
| 100 | 1 |
_aFloyd, Thomas L. _910192 |
|
| 245 | 0 | 0 |
_aElectric circuits fundamentals / _cThomas L. Floyd. |
| 250 | _a4th ed. | ||
| 260 |
_aUpper Saddle River, N.J. : _bPrentice Hall, _cc1998. |
||
| 300 |
_axix, 651 p. : _bill. (some col.) ; _c29 cm. |
||
| 505 | _aComponents Quantities and unit (Page-2), Voltage current And Resistance in the Electric Circuits (Page-17), OHMs Law Energy and Power (Page- 57), Series Circuits (Page-136), Series Parallel Circuits (Page-180), Magnetism and Electromagnetism (Page- 233), Introduction to alternating Current and Voltage (Page-264), Capacitors (Page -313), Inductors (Page-365),Transformer (Page-400), Rc Circuits (Page-440), Rl Circuits (Page- 492), RLC Circuits and Resonance (Page-531), Pulse Responses of Reactive Circuits (Page-584). | ||
| 650 | 0 | _a. | |
| 650 | 0 | _aTelecommunication Engineering. | |
| 942 |
_cREF _2ddc |
||
| 999 |
_c175695 _d175695 |
||